|
|
|
|
| LEADER |
01175nem a2200349 a 4500 |
| 001 |
001083800 |
| 003 |
CZ BrMZK |
| 005 |
20100224070222.0 |
| 007 |
aj canzn |
| 008 |
100122s1908 gw z a 0 lat |
| 034 |
1 |
|
|a a
|b 800000
|
| 040 |
|
|
|a BOA001
|b cze
|
| 043 |
|
|
|a e-it---
|
| 080 |
|
|
|a 913:94
|2 MRF
|
| 080 |
|
|
|a 913(450)
|2 MRF
|
| 080 |
|
|
|a 912.43:904
|2 MRF
|
| 080 |
|
|
|a (084.3)
|2 MRF
|
| 080 |
|
|
|a (084.35)
|2 MRF
|
| 100 |
1 |
|
|a Kiepert, Heinrich,
|d 1818-1899
|7 ola2004254062
|4 ctg
|
| 245 |
1 |
0 |
|a Italia antiqua in usum scholarum
|h [kartografický dokument] /
|c descripta ab Henrico Kiepert
|
| 255 |
|
|
|a Měřítko 1:800 000
|
| 260 |
|
|
|a Berolini :
|b Dietrich Reimer,
|c 1908
|
| 300 |
|
|
|a 1 mapa :
|b barev., podlepena plátnem ;
|c 148 x 130 cm
|
| 500 |
|
|
|a Doplňková mapa Campanie
|
| 650 |
0 |
7 |
|a historická geografie
|7 ph120715
|z Itálie
|2 czenas
|
| 655 |
|
7 |
|a historické mapy
|7 fd186723
|2 czenas
|
| 655 |
|
7 |
|a nástěnné mapy
|7 fd646697
|2 czenas
|
| 651 |
|
7 |
|a Itálie
|7 ge129398
|2 czenas
|
| 910 |
2 |
|
|a BOA001
|b Mpr-1238.013
|
| 990 |
|
|
|a MP
|
| 991 |
|
|
|b 201002
|
| 996 |
6 |
|
|b 2610410152
|c Mpr-1238.013
|l MZK
|r Sklad / do 24 hodin
|n 1
|p dar
|w 001106621
|u 000010
|a 1
|e BOA001
|j MZK50
|s P
|